| 000 | 00604nam a2200193 i 4500 | ||
|---|---|---|---|
| 001 | 130663 | ||
| 003 | ES-MaACL | ||
| 005 | 20230906193814.0 | ||
| 007 | t| | ||
| 008 | 070803q19001905fr ||||1| fre d | ||
| 080 | _a811.133.1'373.6 | ||
| 100 | 1 |
_aStappers, Henri. _9107924 |
|
| 245 | 1 | 0 |
_aDictionnaire synoptique d'étymologie française _b: donnant la dérivation des mots usuels / _cpar Henri Stappers. |
| 250 | _a4e éd. | ||
| 260 |
_aParis : _bLarousse, _c[190-?] |
||
| 300 |
_a950 p. ; _c18 cm. |
||
| 650 | 4 |
_aLengua francesa- _xEtimología- _vDiccionarios. _914217 |
|
| 852 |
_aES-MaACL _jD-744 |
||
| 999 |
_c130663 _d130663 |
||